Giải tích hàm một biến

Guardat en:
Dades bibliogràfiques
Autor principal: Đinh Ngọc Thanh ...[et al.]
Format: Llibre
Idioma:Undetermined
Publicat: H. Giáo Dục
Matèries:
Etiquetes: Afegir etiqueta
Sense etiquetes, Sigues el primer a etiquetar aquest registre!
Thư viện lưu trữ: Trung tâm Học liệu Trường Đại học Cần Thơ
LEADER 00477nam a2200169Ia 4500
001 CTU_51495
008 210402s9999 xx 000 0 und d
020 |b 11900 
082 |a 515 
082 |b Gi103 
100 |a Đinh Ngọc Thanh ...[et al.] 
245 0 |a Giải tích hàm một biến 
245 0 |c Đinh Ngọc Thanh ...[et al.] 
260 |a H. 
260 |b Giáo Dục 
650 |a function analysis 
980 |a Trung tâm Học liệu Trường Đại học Cần Thơ